00200nam a2200085Ia 4500008004100000100001100041245003900052260001400091260000900105170617s9999 xx 000 0 und d aKokate 0aLaboratary Manual of Pharmacognosy bPrakashan c2007